Crystal Palace Squad 25/26 - Statistics

General Stats
  • This quiz has been taken 36 times
    25 since last reset
  • The average score is 12 of 24
Answer Stats
# Nation Former Club Answer % Correct
6 England Chelsea Marc Guehi
100%
1 England Man United Dean Henderson
95%
5 France Wolfsburg Maxence Lacroix
65%
18 Japan Lazio Daichi Kamada
60%
2 Colombia Genk Daniel Munoz
60%
14 France Mainz Jean-Philippe Mateta
60%
10 Spain Villarreal Yeremy Pino
60%
26 USA Bayern Chris Richards
55%
9 England Arsenal Eddie Nketiah
55%
7 Senegal Marseille Ismaila Sarr
55%
3 England Youth Tyrick Mitchell
55%
20 England Blackburn Adam Wharton
50%
8 Colombia Bournemouth Jefferson Lerma
50%
24 Croatia Ajax Borna Sosa
45%
28 Mali Lens Cheick Doucoure
45%
12 Nigeria Getafe Christantus Uche
45%
17 England Liverpool Nathaniel Clyne
45%
19 England Watford Will Hughes
45%
44 Argentina PSV Walter Benitez
40%
34 Morocco Barcelona Chadi Riad
35%
23 France Toulouse Jaydee Canvot
35%
29 France Stuttgart Naouirou Ahamada
35%
21 England Millwall Romain Esse
35%
31 England Sunderland Remi Matthews
20%
No matching quizzes found
Score Distribution
Percent of People with Each Score
Percentile by Number Answered
Your Score History
You have not taken this quiz since the last reset